000 00756nam a2200217 i 4500
001 87311
003 ES-MaACL
005 20250630225027.0
007 t|
008 041221s1958 sp ||||1| spa d
100 1 _aKramer, Samuel Noah.
_968732
245 1 3 _aLa historia empieza en Sumer /
_cSamuel Noah Kramer ; exordio de Jean Bottero ; prólogo de Luis Pericot ; [traducción del inglés por Jaime Elías].
250 _a[1ª ed.].
260 _aBarcelona :
_bAymá,
_c[1958] (
_fCondal)
300 _a325 p., 59 lám. :
_bil. ;
_c21 cm.
700 1 _aBottéro, Jean.
_930800
700 1 _aPericot, Luis,
_d1899-1978
_991262
700 1 _aElías Cornet, Jaime.
_946973
852 _aES-MaACL
_jC-15667
_bR.43687
999 _c87311
_d87311